Paris-Roubaix Cycling Race Winners - Statistics

General Stats
  • This quiz has been taken 45 times
  • The average score is 29 of 124
Answer Stats
Year Country Winner % Correct
2023 | 2024 | 2025 Netherlands Mathieu van der Poel
98%
2026 Belgium Wout van Aert
98%
2006 | 2010 | 2013 Switzerland Fabian Cancellara
83%
2018 Slovakia Peter Sagan
83%
2019 Belgium Philippe Gilbert
83%
2005 | 2008 | 2009 | 2012 Belgium Tom Boonen
83%
1968 | 1970 | 1973 Belgium Eddy Merckx
80%
2022 Netherlands Dylan van Baarle
78%
2021 Italy Sonny Colbrelli
78%
2017 Belgium Greg Van Avermaet
61%
2016 Australia Mathew Hayman
56%
2014 Netherlands Niki Terpstra
54%
1981 France Bernard Hinault
51%
2015 Germany John Degenkolb
51%
1996 | 2000 | 2002 Belgium Johan Museeuw
44%
1984 | 1986 Ireland Sean Kelly
44%
1950 Italy Fausto Coppi
39%
1949 Italy Serse Coppi
39%
1972 | 1974 | 1975 | 1977 Belgium Roger De Vlaeminck
34%
2003 Belgium Peter Van Petegem
29%
2011 Belgium Johan Vansummeren
24%
1956 France Louison Bobet
24%
1961 | 1962 | 1965 Belgium Rik Van Looy
24%
1978 | 1979 | 1980 Italy Francesco Moser
22%
1994 Moldova Andrei Tchmil
20%
2004 Sweden Magnus Bäckstedt
20%
2007 Australia Stuart O'Grady
15%
1999 Italy Andrea Tafi
12%
1992 | 1993 France Gilbert Duclos-Lassalle
12%
1985 | 1991 France Marc Madiot
12%
1897 | 1898 Italy Maurice Garin
12%
1990 Belgium Eddy Planckaert
10%
1995 | 1998 Italy Franco Ballerini
10%
1997 France Frédéric Guesdon
10%
1967 Netherlands Jan Janssen
10%
1982 Netherlands Jan Raas
10%
1948 | 1952 Belgium Rik Van Steenbergen
10%
1933 Belgium Sylvère Maes
10%
1987 Belgium Eric Vanderaerden
7%
1966 Italy Felice Gimondi
7%
1957 Belgium Fred De Bruyne
7%
1983 Netherlands Hennie Kuiper
7%
1919 | 1921 France Henri Pélissier
7%
2001 Netherlands Servais Knaven
7%
1969 Belgium Walter Godefroot
7%
1988 Belgium Dirk Demol
5%
1920 Belgium Paul Deman
5%
1899 France Albert Champion
2%
1922 Belgium Albert Dejonghe
2%
1928 France André Leducq
2%
1949 France André Mahé
2%
1951 Italy Antonio Bevilacqua
2%
1912 | 1914 France Charles Crupelandt
2%
1929 Belgium Charles Meunier
2%
1908 Belgium Cyrille van Hauwaert
2%
1900 France Émile Bouhours
2%
1963 Belgium Emile Daems
2%
1939 Belgium Émile Masson Jr.
2%
1925 Belgium Félix Sellier
2%
1913 Luxembourg François Faber
2%
1931 | 1934 | 1935 Belgium Gaston Rebry
2%
1946 | 1947 Belgium Georges Claes
2%
1907 France Georges Passerieu
2%
1927 Belgium Georges Ronsse
2%
1936 France Georges Speicher
2%
1953 Belgium Germain Derycke
2%
1923 Switzerland Heiri Suter
2%
1906 France Henri Cornet
2%
1903 | 1904 France Hippolyte Aucouturier
2%
1955 France Jean Forestier
2%
1989 Belgium Jean-Marie Wampers
2%
1896 Germany Josef Fischer
2%
1937 Italy Jules Rossi
2%
1924 Belgium Jules van Hevel
2%
1926 Belgium Julien Delbecque
2%
1930 Belgium Julien Vervaecke
2%
1958 Belgium Leon Vandaele
2%
1905 France Louis Trousselier
2%
1901 | 1902 France Lucien Lesna
2%
1938 Belgium Lucien Storme
2%
1976 Belgium Marc Demeyer
2%
1943 Belgium Marcel Kint
2%
1944 Belgium Maurice Desimpelaere
2%
1959 Belgium Noël Foré
2%
1909 | 1910 | 1911 France Octave Lapize
2%
1945 France Paul Maye
2%
1964 Netherlands Peter Post
2%
1960 Belgium Pino Cerami
2%
1954 Belgium Raymond Impanis
2%
1971 Belgium Roger Rosiers
2%
1932 Belgium Romain Gijssels
2%
No matching quizzes found
Score Distribution
Percent of People with Each Score
Percentile by Number Answered
Your Score History
You have not taken this quiz